Transversal theory: an account of some aspects of combinatorial mathematics

সংরক্ষণ করুন:
গ্রন্থ-পঞ্জীর বিবরন
প্রধান লেখক: Mirsky, Leonid (autor)
বিন্যাস: গ্রন্থ
ভাষা:ইংরেজি
প্রকাশিত: Nueva York Academic Press 1971
মালা:Mathematics in Science and Engineering, 75
বিষয়গুলি:
ট্যাগগুলো: ট্যাগ যুক্ত করুন
কোনো ট্যাগ নেই, প্রথমজন হিসাবে ট্যাগ করুন!

MARC

LEADER 00000nam a2200000 a 4500
001 UCP1094
003 CL-VaPUC
008 990326e19710000US |||||||||||||||||eng|d
082 0 4 |a 511.6  |b MIR  |2 21 
100 |a Mirsky, Leonid  |e autor  |9 426893 
245 1 0 |a Transversal theory: an account of some aspects of combinatorial mathematics 
300 |a 255 p 
942 |c BK 
945 |d 19990326 00:00:00  |a crobeson 
260 |a Nueva York  |b Academic Press  |c 1971 
650 0 |a Análisis combinatorio   |9 269849 
650 0 |a Conjuntos  |9 342214 
650 0 |a Espacios topológicos   |9 360015 
650 0 |a Grafos  |9 344754 
650 7 |a DUALIDAD  |2 CL-VaPUC  |9 424840 
650 0 |a Matrices   |9 22 
583 |a last modification  |c 19990326 00:00:00  |k Rodrigo Vera 
490 0 |a Mathematics in Science and Engineering, 75 
999 |c 279809  |d 279807